Challenges to Monetary Policy from Financial Globalization : The Case of India /

The question of how India should adapt monetary policy to ongoing financial globalization has gained prominence with the recent surge in capital inflows. This paper documents the degree to which India has become financially globalized, both in absolute terms and relative to emerging and developed co...

Celý popis

Podrobná bibliografie
Hlavní autor: Prasad, Ananthakrishnan
Další autoři: Kramer, Charles, Poirson, Helene
Médium: Časopis
Jazyk:English
Vydáno: Washington, D.C. : International Monetary Fund, 2008.
Edice:IMF Working Papers; Working Paper ; No. 2008/131
On-line přístup:Full text available on IMF
LEADER 02247cas a2200265 a 4500
001 AALejournalIMF005111
008 230101c9999 xx r poo 0 0eng d
020 |c 5.00 USD 
020 |z 9781451869903 
022 |a 1018-5941 
040 |a BD-DhAAL  |c BD-DhAAL 
100 1 |a Prasad, Ananthakrishnan. 
245 1 0 |a Challenges to Monetary Policy from Financial Globalization :   |b The Case of India /  |c Ananthakrishnan Prasad, Charles Kramer, Helene Poirson. 
264 1 |a Washington, D.C. :  |b International Monetary Fund,  |c 2008. 
300 |a 1 online resource (43 pages) 
490 1 |a IMF Working Papers 
500 |a <strong>Off-Campus Access:</strong> No User ID or Password Required 
500 |a <strong>On-Campus Access:</strong> No User ID or Password Required 
506 |a Electronic access restricted to authorized BRAC University faculty, staff and students 
520 3 |a The question of how India should adapt monetary policy to ongoing financial globalization has gained prominence with the recent surge in capital inflows. This paper documents the degree to which India has become financially globalized, both in absolute terms and relative to emerging and developed countries. We find that despite a relatively low degree of openness, India's domestic monetary conditions are highly influenced by global factors. We then review the experiences of countries that have adapted to financial globalization, drawing lessons for India. While we find no strong relationship between the degree of stability in monetary conditions and the broad monetary policy regime, our findings suggest that improvements in monetary operations and communication?sometimes prompted by a shift to an IT regime?have helped stabilize broader monetary conditions. In addition, the experience of countries which used non-standard instruments suggests that room to regulate capital flows effectively through capital controls diminishes as financial integration increases. 
538 |a Mode of access: Internet 
700 1 |a Kramer, Charles. 
700 1 |a Poirson, Helene. 
830 0 |a IMF Working Papers; Working Paper ;  |v No. 2008/131 
856 4 0 |z Full text available on IMF  |u http://elibrary.imf.org/view/journals/001/2008/131/001.2008.issue-131-en.xml  |z IMF e-Library